[Event "Balaguer op 13th"]
[Site "Balaguer"]
[Date "2008.07.22"]
[Round "9"]
[White "Aatirah, CP."]
[Black "Vilela de Acuna, Jose Luis"]
[Result "0-1"]
[WhiteElo "1946"]
[BlackElo "2347"]
[PlyCount "135"]
[EventDate "2008.07.14"]
[EventType "swiss"]
[EventRounds "10"]
[EventCountry "ESP"]
[SourceTitle "CBM 125 Extra"]
[Source "ChessBase"]
[SourceDate "2008.09.01"]
[SourceVersion "1"]
[SourceVersionDate "2008.09.01"]
[SourceQuality "1"]

1. e4 c5 2. c3 Nf6 3. e5 Nd5 4. d4 cxd4 5. Nf3 e6 6. cxd4 b6 7. Nc3 Nxc3 8. bxc3 Qc7 9. Bd2 Bb7 10. Bd3 d6 11. 0-0 Nd7 12. Bf4 Be7 13. Rc1 Bxf3 14. Qxf3 0-0 15. Qh3 g6 16. Bh6 dxe5 17. Bxf8 Rxf8 18. Bb5 Nf6 19. dxe5 Qxe5 20. a4 Rc8 21. Rfe1 Qc5 22. Qe3 Qa3 23. c4 Qb4 24. Rb1 Qd6 25. Qe5 Qxe5 26. Rxe5 Bc5 27. h3 Rd8 28. Re2 Rd4 29. Rc1 Ne4 30. Rcc2 Kg7 31. Bc6 Nd6 32. Bb5 Ne4 33. Bc6 Nd6 34. Bb5 Bb4 35. Rb2 a5 36. Rbc2 Ne4 37. Rc1 h5 38. g3 Kf8 39. Kg2 Ke7 40. f3 Nd6 41. Rec2 Nf5 42. Re2 Nd6 43. Rec2 Nb7 44. Rf1 Nc5 45. Re2 Kd6 46. Rc2 Nd3 47. Re2 Nc5 48. Ra2 g5 49. Raa1 Nb3 50. Ra2 h4 51. g4 Nc5 52. Rff2 Nd3 53. c5+ bxc5 54. Bxd3 Rxd3 55. Ra1 e5 56. Rff1 Rd2+ 57. Rf2 Rd3 58. Rff1 Rd2+ 59. Rf2 Rd4 60. Rff1 c4 61. Rfd1 c3 62. Kf2 Kc5 63. Ke2 Kc4 64. Ra2 Kb3 65. Raa1 c2 66. Rf1 Bc3 67. Rab1+ cxb1Q 68. Rxb1+ 0-1

[Event "IND-chB (Women) 34th"]
[Site "Hyderabad"]
[Date "2007.05.21"]
[Round "?"]
[White "Aatirah, CP."]
[Black "Pujari, Rucha"]
[Result "1/2-1/2"]
[WhiteElo "1900"]
[BlackElo "2009"]
[PlyCount "75"]
[EventDate "2007.05.21"]
[EventType "swiss"]
[EventRounds "11"]
[EventCountry "IND"]
[SourceTitle "EXT 2010"]
[Source "ChessBase"]
[SourceDate "2010.11.25"]
[SourceVersion "1"]
[SourceVersionDate "2010.11.25"]
[SourceQuality "1"]

1. e4 e6 2. d4 c5 3. d5 exd5 4. exd5 d6 5. Nf3 Nf6 6. c4 Bg4 7. Bd3 Nbd7 8. Bf4 Be7 9. Nbd2 0-0 10. Qc2 b5 11. b3 b4 12. 0-0 Kh8 13. h3 Bh5 14. Rae1 a5 15. Re3 Re8 16. Rfe1 Nf8 17. g4 Bg6 18. Nh4 Bxd3 19. Qxd3 Qd7 20. Qf5 Qc7 21. Bg5 Ng6 22. Bxf6 gxf6 23. Nxg6+ fxg6 24. Qf4 Kg7 25. Ne4 Qd7 26. h4 h6 27. Ng3 Bf8 28. h5 Re5 29. hxg6 Kxg6 30. Nh5 Be7 31. Rxe5 fxe5 32. Qe4+ Kg5 33. f4+ Kxg4 34. Qe2+ Kf5 35. Qd3+ Kg4 36. Qe2+ Kf5 37. Qe4+ Kg4 38. Qe2+ 1/2-1/2

[Event "IND-chB (Women) 34th"]
[Site "Hyderabad"]
[Date "2007.05.21"]
[Round "?"]
[White "Bharathi, R."]
[Black "Aatirah, CP."]
[Result "0-1"]
[WhiteElo "1949"]
[BlackElo "1900"]
[PlyCount "42"]
[EventDate "2007.05.21"]
[EventType "swiss"]
[EventRounds "11"]
[EventCountry "IND"]
[SourceTitle "EXT 2010"]
[Source "ChessBase"]
[SourceDate "2010.11.25"]
[SourceVersion "1"]
[SourceVersionDate "2010.11.25"]
[SourceQuality "1"]

1. e4 e5 2. Nf3 Nc6 3. d4 exd4 4. Nxd4 Bc5 5. Be3 Qf6 6. c3 Nge7 7. Bc4 0-0 8. 0-0 Qg6 9. Nd2 Bxd4 10. cxd4 d5 11. Bd3 Rd8 12. Rc1 Bg4 13. f3 dxe4 14. Bxe4 Bf5 15. Qe2 Bxe4 16. fxe4 Nxd4 17. Bxd4 Rxd4 18. Rxc7 Rxd2 19. Qxd2 Qb6+ 20. Qf2 Qxc7 21. Qxf7+ Kh8 0-1

[Event "IND-chB (Women) 34th"]
[Site "Hyderabad"]
[Date "2007.05.21"]
[Round "?"]
[White "Sahajasri, Cholleti"]
[Black "Aatirah, CP."]
[Result "0-1"]
[WhiteElo "2009"]
[BlackElo "1900"]
[PlyCount "68"]
[EventDate "2007.05.21"]
[EventType "swiss"]
[EventRounds "11"]
[EventCountry "IND"]
[SourceTitle "EXT 2010"]
[Source "ChessBase"]
[SourceDate "2010.11.25"]
[SourceVersion "1"]
[SourceVersionDate "2010.11.25"]
[SourceQuality "1"]

1. d4 d5 2. c4 dxc4 3. Nc3 e5 4. e3 exd4 5. exd4 Be6 6. d5 Bf5 7. Bxc4 Nf6 8. Nge2 Bd6 9. 0-0 0-0 10. Ng3 Bg6 11. Bg5 Re8 12. Qf3 Nbd7 13. Bb5 Ne5 14. Qd1 Rf8 15. f4 Neg4 16. Bxf6 Nxf6 17. f5 Bxg3 18. fxg6 Be5 19. gxh7+ Kh8 20. Rf5 Qd6 21. Kh1 Bxh2 22. Qf3 Be5 23. Re1 Bxc3 24. Qxc3 Nxd5 25. Qf3 c6 26. Bc4 Qb4 27. Qf1 Rae8 28. Rxe8 Rxe8 29. a3 Qd2 30. Qd3 Qe1+ 31. Rf1 Qh4+ 32. Kg1 Ne3 33. Qd7 Qe7 34. Qxe7 Rxe7 0-1